000 00959nam a22003137a 4500
001 BR8701536
003 BR-BrBNA
005 20230928092425.0
007 ta
008 230509b bl.||||| |||| 00| 0 por d
040 _aBR-BrBNA
_bpor
_cBiblioteca Nacional de Agricultura
041 _a(Por)
072 _aE10
_b/G514
090 _ E10 BR8701536
100 1 _aMachado, C.J. de C.
100 1 _aOliveira, V.L.
100 1 _aMiranda, H.R. de
100 1 _aSilva, J. de C.
110 1 _aComissao Estadual de Planejamento Agricola, Belem, PA (Brasil)
_92044
245 1 _aProgramas e recursos para o Setor Publico Agricola Estadual 1984 [Para, Brasil]
260 3 _aBelem, PA (Brasil):
_c1984.
300 _a72 p.
500 _a(*) Documento disponível no(a) CEPA, Belem, PA (Brazil)
650 _aDESENVOLVIMENTO ECONOMICO
650 _aPROJETO DE DESENVOLVIMENTO
650 _aPARA
909 _a202309
_bLucia
_c55
_dLucia Elande
942 _cBK
999 _c38968
_d38968